000 00890nam a22002297a 4500
999 _c3533
_d3533
003 AR-CdUCM
008 190306b ||||| |||| 00| 0 spa d
040 _aMUNICIPALIDAD PROVINCIAL DEL CUSCO
_cBIBLIOTECA MUNICIPAL DEL CUSCO
082 _a305.235 /
_bAY94
100 _aAyllón Dulanto, Fernando
_911576
245 _aJuventud peruana :
_bdiagnóstico y alternativas /
260 _aLima :
_bCONCYTEC,
_bCYDESO,
_c1990
300 _a174 páginas ;
_c20 cm.
505 _aContenido: Población -- Situación laboral -- Educación -- Terrorismo -- Consumo de drogas -- Delincuencia común -- Lineamientos para una política nacional de juventudes ...
650 _aSociedad
_953
650 _aJuventud-Perú
_911577
650 _aPolítica gubernamenta
_911578
650 _aCondiciones económicas
_91989
650 _aCondiciones sociales
_91132
942 _2ddc
_cLIBROS
945 _azta